000
00310 a2200145 4500
001
170261
020
_a
040
_c
Magnum
100
_a
Linardi, Pedro Marcos
240
1
0
_a
Fabulas parasitologicas
_l
por
245
1
0
_a
Fabulas parasitologicas
362
0
_a
1899
697
_a
PARADIDATICOS
942
_c
BK
999
_c
170261
_d
170261